000 01400nam a2200361 a 4500
001 ebr10648723
003 CaPaEBR
006 m u
007 cr cn|||||||||
008 130205s2011 enkabf sb 001 0 eng d
020 _z9781906876241
020 _z9781906876227
020 _z9789004218024 (e-book)
040 _aCaPaEBR
_cCaPaEBR
035 _a(OCoLC)819352035
043 _aa-ja---
050 1 4 _aGR830.T3
_bK58 2011eb
082 0 4 _a796.8095209
_223
100 1 _aKnutsen, Roald.
245 1 0 _aTengu
_h[electronic resource] :
_bthe shamanic and esoteric origins of the Japanese martial arts /
_cby Roald Knutsen.
260 _aFolkestone, Kent, U.K. :
_bGlobal Oriental,
_c2011.
300 _axxvii, 245 p., [8] p. of plates :
_bill., maps.
504 _aIncludes bibliographical references and index.
533 _aElectronic reproduction.
_bPalo Alto, Calif. :
_cebrary,
_d2013.
_nAvailable via World Wide Web.
_nAccess may be limited to ebrary affiliated libraries.
650 0 _aTengu.
650 0 _aFolklore
_zJapan.
650 0 _aMartial arts
_zJapan
_xHistory.
650 0 _aShamanism
_zJapan
_xHistory.
651 0 _aJapan
_xSocial life and customs
_y1185-1600.
655 7 _aElectronic books.
_2local
710 2 _aebrary, Inc.
856 4 0 _uhttp://site.ebrary.com/lib/rucke/Doc?id=10648723
_zAn electronic book accessible through the World Wide Web; click to view
999 _c44853
_d44853